[Event "GBR-ch108 Major Open"]
[Site "Torquay"]
[Date "2022.08.14"]
[Round "2"]
[White "Merriman, James"]
[Black "Kumar, Sanjit S"]
[Result "0-1"]
[WhiteElo "1683"]
[BlackElo "1534"]
[PlyCount "62"]
[EventDate "2022.08.13"]
[EventType "swiss"]
[EventRounds "9"]
[EventCountry "GBR"]
[SourceTitle "BritBase"]
[Source "John Saunders"]
[SourceDate "2021.06.05"]
[SourceVersion "1"]
[SourceVersionDate "2021.06.05"]
[SourceQuality "1"]

1. d4 d5 2. c4 e6 3. Nc3 c6 4. Nf3 Nf6 5. cxd5 exd5 6. Bg5 Nbd7 7. e3 h6 8. Bh4
g5 9. Bg3 Nh5 10. Bd3 Nxg3 11. hxg3 Bg7 12. Qc2 Nb6 13. b4 Qe7 14. Rb1 g4 15.
Ne5 Bxe5 16. dxe5 Qxe5 17. Ne2 Bd7 18. Nd4 h5 19. a4 Nc8 20. Bf5 Nd6 21. Bxd7+
Kxd7 22. Ke2 Rac8 23. Rhc1 Rhe8 24. Kf1 Ne4 25. Nb3 Rc7 26. Nd4 Rh8 27. a5 a6
28. Qe2 f5 29. Kg1 h4 30. gxh4 Rxh4 31. Qd3 Rh1+ 0-1

[Event "GBR-ch108 Major Open"]
[Site "Torquay"]
[Date "2022.08.14"]
[Round "2"]
[White "Midhun, P U."]
[Black "Renshaw, Lucas"]
[Result "1-0"]
[WhiteElo "1965"]
[BlackElo "1595"]
[PlyCount "129"]
[EventDate "2022.08.13"]
[EventType "swiss"]
[EventRounds "9"]
[EventCountry "GBR"]
[SourceTitle "BritBase"]
[Source "John Saunders"]
[SourceDate "2021.06.05"]
[SourceVersion "1"]
[SourceVersionDate "2021.06.05"]
[SourceQuality "1"]

1. Nf3 d5 2. g3 Nc6 3. d4 Bf5 4. Bg2 Nb4 5. Na3 e6 6. O-O Be4 7. Bf4 Bd6 8.
Bxd6 cxd6 9. Qd2 Nc6 10. Qf4 Qe7 11. c4 e5 12. Qd2 exd4 13. cxd5 Bxd5 14. e4
Be6 15. Nxd4 Nh6 16. Nab5 Rd8 17. Nxe6 fxe6 18. Rad1 O-O 19. Qe2 Rf6 20. Nd4
Nf7 21. Bh3 Nfe5 22. f4 Nxd4 23. Rxd4 Nc6 24. Rd2 e5 25. Rd5 Kh8 26. f5 Rdf8
27. Rc1 g6 28. Qe3 gxf5 29. exf5 Nd8 30. g4 Nf7 31. Kh1 Rh6 32. Qg3 Qh4 33. Rc3
Ng5 34. Bg2 Qxg3 35. Rxg3 Rc8 36. Rc3 Rxc3 37. bxc3 b6 38. a4 a5 39. Rb5 Rh4
40. Rxb6 Rxg4 41. f6 h6 42. Rxd6 Rxa4 43. Bd5 Rf4 44. c4 e4 45. h4 Rxh4+ 46.
Kg2 e3 47. Rd8+ Kh7 48. f7 Rg4+ 49. Kh2 Nxf7 50. Bxf7 Re4 51. Rd1 Re7 52. Bh5
Re4 53. Be2 Kg7 54. Kg3 Kf6 55. Kf3 Re6 56. Bd3 h5 57. Ke2 Re5 58. Rg1 Ke6 59.
Rg6+ Kf7 60. Ra6 Ke7 61. Bh7 Rc5 62. Bg8 Re5 63. Bd5 a4 64. Rxa4 Kf6 65. Ra3
1-0

[Event "GBR-ch108 Major Open"]
[Site "Torquay"]
[Date "2022.08.14"]
[Round "2"]
[White "Humphreys, Jerry G"]
[Black "Miller, George"]
[Result "1/2-1/2"]
[WhiteElo "1942"]
[BlackElo "1783"]
[PlyCount "54"]
[EventDate "2022.08.13"]
[EventType "swiss"]
[EventRounds "9"]
[EventCountry "GBR"]
[SourceTitle "BritBase"]
[Source "John Saunders"]
[SourceDate "2021.06.05"]
[SourceVersion "1"]
[SourceVersionDate "2021.06.05"]
[SourceQuality "1"]

1. e4 c5 2. Nc3 g6 3. g3 Bg7 4. Bg2 Nc6 5. Nge2 e5 6. d3 Nge7 7. O-O O-O 8. Be3
d6 9. Qd2 Rb8 10. f4 Nd4 11. Nd1 Bg4 12. Nc1 Qc8 13. c3 Ndc6 14. Nf2 Bd7 15.
fxe5 Nxe5 16. Bh6 f5 17. Bxg7 Kxg7 18. Ne2 h6 19. Rae1 g5 20. d4 N5g6 21. exf5
Bxf5 22. Ne4 Qc7 23. dxc5 dxc5 24. Qd6 Qxd6 25. Nxd6 b6 26. Nxf5+ Rxf5 27. Nc1
Rbf8 1/2-1/2

[Event "GBR-ch108 Major Open"]
[Site "Torquay"]
[Date "2022.08.14"]
[Round "2"]
[White "Menadue, Jeremy F S"]
[Black "Volovich, Julia"]
[Result "0-1"]
[WhiteElo "2008"]
[BlackElo "1625"]
[PlyCount "70"]
[EventDate "2022.08.13"]
[EventType "swiss"]
[EventRounds "9"]
[EventCountry "GBR"]
[SourceTitle "BritBase"]
[Source "John Saunders"]
[SourceDate "2021.06.05"]
[SourceVersion "1"]
[SourceVersionDate "2021.06.05"]
[SourceQuality "1"]

1. d4 Nf6 2. c4 g6 3. Nc3 d5 4. Nf3 Bg7 5. cxd5 Nxd5 6. e4 Nxc3 7. bxc3 c5 8.
Bb5+ Nc6 9. d5 a6 10. Be2 Ne5 11. Nxe5 Bxe5 12. Bd2 O-O 13. h4 e6 14. c4 f5 15.
Rb1 fxe4 16. Be3 b6 17. Qc2 exd5 18. cxd5 Qf6 19. g4 Bc3+ 20. Kd1 Bb7 21. g5
Qe5 22. Rxb6 Bxd5 23. h5 Rfd8 24. Kc1 Rab8 25. Rb3 Bxb3 26. axb3 Bd2+ 27. Kb1
Qc3 28. Bc4+ Kg7 29. h6+ Kh8 30. Bxd2 Qxd2 31. Qxe4 Qc3 32. Re1 Rxb3+ 33. Bxb3
Qxb3+ 34. Kc1 Qc3+ 35. Kb1 Rb8+ 0-1

[Event "GBR-ch108 Major Open"]
[Site "Torquay"]
[Date "2022.08.14"]
[Round "2"]
[White "Jakhria, Kushal"]
[Black "Wheeler, James M"]
[Result "1-0"]
[WhiteElo "1367"]
[BlackElo "1791"]
[PlyCount "67"]
[EventDate "2022.08.13"]
[EventType "swiss"]
[EventRounds "9"]
[EventCountry "GBR"]
[SourceTitle "BritBase"]
[Source "John Saunders"]
[SourceDate "2021.06.05"]
[SourceVersion "1"]
[SourceVersionDate "2021.06.05"]
[SourceQuality "1"]

1. d4 Nf6 2. c4 e5 3. dxe5 Ne4 4. Nd2 Bb4 5. a3 Bxd2+ 6. Bxd2 Nxd2 7. Qxd2 Nc6
8. f4 f6 9. exf6 Qxf6 10. Nf3 d6 11. e3 Bf5 12. Bd3 Bxd3 13. Qxd3 O-O-O 14. Rb1
h6 15. O-O Rde8 16. b4 g5 17. b5 Nd8 18. fxg5 hxg5 19. h3 Kb8 20. a4 Qh6 21.
Nh2 Qh4 22. Ng4 Ne6 23. a5 Nc5 24. Qd5 Re4 25. Qf5 Ree8 26. b6 Rc8 27. Rbd1
Rhd8 28. bxc7+ Rxc7 29. Rxd6 Rdc8 30. Qe5 Qh7 31. Nf6 Qc2 32. Nd5 Nd3 33. Qh2
Rxc4 34. Rc6+ 1-0

[Event "GBR-ch108 Major Open"]
[Site "Torquay"]
[Date "2022.08.14"]
[Round "2"]
[White "Truman, Richard G"]
[Black "Latypova, Olga L"]
[Result "1-0"]
[WhiteElo "1943"]
[BlackElo "1353"]
[PlyCount "99"]
[EventDate "2022.08.13"]
[EventType "swiss"]
[EventRounds "9"]
[EventCountry "GBR"]
[SourceTitle "BritBase"]
[Source "John Saunders"]
[SourceDate "2021.06.05"]
[SourceVersion "1"]
[SourceVersionDate "2021.06.05"]
[SourceQuality "1"]

1. d4 Nf6 2. c4 g6 3. Nc3 d5 4. cxd5 Nxd5 5. e4 Nxc3 6. bxc3 Bg7 7. Nf3 c5 8.
Rb1 O-O 9. Be2 Nc6 10. d5 Ne5 11. Nxe5 Bxe5 12. Qd2 e6 13. f4 Bc7 14. O-O Ba5
15. d6 Bd7 16. Qd3 Bc6 17. Bf3 f6 18. Ba3 Bb6 19. Kh1 Kg7 20. e5 Qd7 21. Rbd1
fxe5 22. fxe5 Ba4 23. Rde1 c4 24. Qd2 Kg8 25. Bc1 Ba5 26. Qd4 Bc2 27. Bg5 Bd3
28. Be7 Bxf1 29. Bxf8 Bxg2+ 30. Kxg2 Rxf8 31. Rb1 b6 32. Qxc4 Rc8 33. Qb5 Qxb5
34. Rb2 Bxc3 35. Rxb5 Rd8 36. d7 Bd4 37. Bc6 Kf7 38. Kf3 Bc5 39. Ke4 Ke7 40.
Rb3 h5 41. Rf3 Rg8 42. Rf6 Bb4 43. Bb5 Bd2 44. Bc4 Rg7 45. Bxe6 Bg5 46. Bh3 Rg8
47. Re6+ Kd8 48. Rc6 Ke7 49. Rc7 Ra8 50. Rc8 1-0

[Event "GBR-ch108 Major Open"]
[Site "Torquay"]
[Date "2022.08.14"]
[Round "2"]
[White "Novak, Vjekoslav"]
[Black "Matthews, Adrian M S"]
[Result "1/2-1/2"]
[WhiteElo "1663"]
[BlackElo "1932"]
[PlyCount "65"]
[EventDate "2022.08.13"]
[EventType "swiss"]
[EventRounds "9"]
[EventCountry "GBR"]
[SourceTitle "BritBase"]
[Source "John Saunders"]
[SourceDate "2021.06.05"]
[SourceVersion "1"]
[SourceVersionDate "2021.06.05"]
[SourceQuality "1"]

1. f4 c5 2. b3 Nf6 3. Nf3 g6 4. Bb2 Bg7 5. e3 O-O 6. Be2 Nc6 7. O-O d5 8. Ne5
Qc7 9. Nxc6 Qxc6 10. Bf3 Rd8 11. Be5 Nd7 12. Bxg7 Kxg7 13. c4 Nf6 14. Nc3 e6
15. Qc2 Qd7 16. cxd5 exd5 17. Qb2 d4 18. Na4 Qd6 19. Rac1 Nd7 20. Qc2 Rb8 21.
Nxc5 Nxc5 22. Qxc5 Qxc5 23. Rxc5 dxe3 24. dxe3 Rd2 25. Rf2 Rd3 26. e4 Bd7 27.
Rd5 Rxd5 28. exd5 Rc8 29. Rd2 Kf6 30. h3 h5 31. h4 b6 32. Kf2 Rc3 33. Be4
1/2-1/2

[Event "GBR-ch108 Major Open"]
[Site "Torquay"]
[Date "2022.08.14"]
[Round "2"]
[White "Collins, Jonathan"]
[Black "Gamal, Alaa"]
[Result "0-1"]
[WhiteElo "1740"]
[BlackElo "1690"]
[PlyCount "82"]
[EventDate "2022.08.13"]
[EventType "swiss"]
[EventRounds "9"]
[EventCountry "GBR"]
[SourceTitle "BritBase"]
[Source "John Saunders"]
[SourceDate "2021.06.05"]
[SourceVersion "1"]
[SourceVersionDate "2021.06.05"]
[SourceQuality "1"]

1. d4 Nf6 2. Bf4 g6 3. Nc3 d5 4. Nf3 Bg7 5. h4 h5 6. Ne5 O-O 7. Qd2 c5 8. e3
cxd4 9. exd4 Nc6 10. f3 Qb6 11. O-O-O e6 12. Bh6 Qxd4 13. Bxg7 Qxd2+ 14. Rxd2
Kxg7 15. Nd3 a6 16. Be2 Nd4 17. Bd1 Nf5 18. g4 hxg4 19. fxg4 Ne3 20. g5 Nd7 21.
h5 gxh5 22. Rxh5 Nxd1 23. Rdh2 Nxc3 24. Nf4 Nxa2+ 25. Kb1 Nc3+ 26. bxc3 Rg8 27.
g6 Nf6 28. Rh6 e5 29. gxf7 Kxf7 30. Nd3 Ng4 31. Rh7+ Rg7 32. Rxg7+ Kxg7 33. Rg2
Kf6 34. Nb4 Be6 35. Rg1 Rh8 36. Rf1+ Ke7 37. Rg1 Rh4 38. Nd3 Kd6 39. Kb2 Rh2
40. Rg3 d4 41. cxd4 exd4 0-1

[Event "GBR-ch108 Major Open"]
[Site "Torquay"]
[Date "2022.08.14"]
[Round "2"]
[White "Sugden, John N"]
[Black "Chan, Michelle (Ngo Yu)"]
[Result "1-0"]
[WhiteElo "2032"]
[BlackElo "1243"]
[PlyCount "39"]
[EventDate "2022.08.13"]
[EventType "swiss"]
[EventRounds "9"]
[EventCountry "GBR"]
[SourceTitle "BritBase"]
[Source "John Saunders"]
[SourceDate "2021.06.05"]
[SourceVersion "1"]
[SourceVersionDate "2021.06.05"]
[SourceQuality "1"]

1. d4 d5 2. c4 e6 3. Nc3 Nf6 4. Bg5 Be7 5. e3 O-O 6. Nf3 h6 7. Bh4 Nbd7 8. Bd3
b6 9. cxd5 exd5 10. Bxf6 Nxf6 11. Ne5 Bb7 12. O-O c5 13. Rc1 Rc8 14. f4 Ne4 15.
Qe2 cxd4 16. exd4 Nxc3 17. Rxc3 Rxc3 18. bxc3 Re8 19. Qh5 Rf8 20. Qf5 1-0

[Event "GBR-ch108 Major Open"]
[Site "Torquay"]
[Date "2022.08.14"]
[Round "2"]
[White "Mize, Dylan"]
[Black "Norinkeviciute, Rasa"]
[Result "0-1"]
[WhiteElo "1538"]
[BlackElo "1837"]
[PlyCount "78"]
[EventDate "2022.08.13"]
[EventType "swiss"]
[EventRounds "9"]
[EventCountry "GBR"]
[SourceTitle "BritBase"]
[Source "John Saunders"]
[SourceDate "2021.06.05"]
[SourceVersion "1"]
[SourceVersionDate "2021.06.05"]
[SourceQuality "1"]

1. d4 Nf6 2. Nf3 e6 3. Bg5 Be7 4. Nbd2 b6 5. e3 Bb7 6. h3 d6 7. Bd3 Nbd7 8. Bf4
a6 9. O-O c5 10. c3 h6 11. a4 g5 12. Bh2 g4 13. hxg4 Nxg4 14. Bg3 Rg8 15. Nc4
Ndf6 16. a5 b5 17. Nb6 Ra7 18. Qe2 c4 19. Bc2 Ne4 20. d5 Nxg3 21. fxg3 Bg5 22.
Nxg5 Qxg5 23. Rf4 Qh5 24. Rxg4 Qxg4 25. Qxg4 Rxg4 26. Kf2 Kf8 27. Rd1 Bxd5 28.
Nxd5 exd5 29. Rxd5 Ke7 30. Rh5 Ra8 31. Rxh6 Rag8 32. Rh3 R4g5 33. Be4 Rb8 34.
Kf3 b4 35. Rh4 Rxa5 36. Bc6 bxc3 37. bxc3 Rc5 38. Re4+ Kf8 39. Rh4 Rb3 0-1

[Event "GBR-ch108 Major Open"]
[Site "Torquay"]
[Date "2022.08.14"]
[Round "2"]
[White "Taylor, William J"]
[Black "Fleri, Luke"]
[Result "0-1"]
[WhiteElo "1936"]
[BlackElo "1483"]
[PlyCount "60"]
[EventDate "2022.08.13"]
[EventType "swiss"]
[EventRounds "9"]
[EventCountry "GBR"]
[SourceTitle "BritBase"]
[Source "John Saunders"]
[SourceDate "2021.06.05"]
[SourceVersion "1"]
[SourceVersionDate "2021.06.05"]
[SourceQuality "1"]

1. e4 e5 2. Nf3 Nc6 3. Bc4 Bc5 4. c3 Nf6 5. d3 d6 6. O-O Bb6 7. a4 a5 8. Re1
Ne7 9. d4 Ng6 10. h3 O-O 11. Nbd2 Qe7 12. b3 Kh8 13. Ba3 c5 14. dxe5 dxe5 15.
Qc2 Nf4 16. Bf1 g5 17. Nc4 Bc7 18. Ne3 Rg8 19. Nf5 Bxf5 20. exf5 g4 21. hxg4
Rxg4 22. Nh2 Rg7 23. Kh1 Rag8 24. g3 Ng4 25. Qd2 Qg5 26. Bg2 Qh5 27. Bh3 Nxh2
28. gxf4 Qf3+ 29. Kxh2 Rg2+ 30. Bxg2 Qxg2# 0-1

[Event "GBR-ch108 Major Open"]
[Site "Torquay"]
[Date "2022.08.14"]
[Round "2"]
[White "Karski, Sebastian"]
[Black "Young, Daniel J"]
[Result "0-1"]
[WhiteElo "1800"]
[BlackElo "1810"]
[PlyCount "102"]
[EventDate "2022.08.13"]
[EventType "swiss"]
[EventRounds "9"]
[EventCountry "GBR"]
[SourceTitle "BritBase"]
[Source "John Saunders"]
[SourceDate "2021.06.05"]
[SourceVersion "1"]
[SourceVersionDate "2021.06.05"]
[SourceQuality "1"]

1. e4 c5 2. Nf3 d6 3. d4 cxd4 4. Nxd4 Nf6 5. Nc3 a6 6. Be3 e5 7. Nb3 Be6 8. f3
Be7 9. Qd2 O-O 10. O-O-O Nbd7 11. g4 b5 12. g5 b4 13. Ne2 Ne8 14. f4 a5 15. f5
a4 16. Nbd4 exd4 17. Nxd4 b3 18. Kb1 bxc2+ 19. Nxc2 Bb3 20. axb3 axb3 21. Na3
Ne5 22. Be2 Ra4 23. Rhg1 Qa8 24. Qd5 Rxa3 25. bxa3 Qxa3 26. Rd2 b2 27. Qd4 Nc6
28. Qb6 Qa1+ 29. Kc2 Qa4+ 30. Kxb2 d5 31. Ra1 Qxe4 32. Bd3 Qe5+ 33. Kb1 Nd6 34.
Qxc6 Rb8+ 35. Bb6 Qe1+ 36. Qc1 Rxb6+ 37. Ka2 Qxc1 38. Rxc1 Bxg5 39. Rcc2 Bxd2
40. Rxd2 f6 41. Bc2 Nc4 42. Re2 Rb2+ 43. Ka1 Kf7 44. h4 h5 45. Rg2 Rb7 46. Ka2
Ne3 47. Re2 Nxc2 48. Rxc2 Ke7 49. Ka3 Kd6 50. Re2 d4 51. Rd2 Kd5 0-1

[Event "GBR-ch108 Major Open"]
[Site "Torquay"]
[Date "2022.08.14"]
[Round "2"]
[White "McCarthy, Damian"]
[Black "Willow, Hambel M"]
[Result "1-0"]
[WhiteElo "1860"]
[BlackElo "1585"]
[PlyCount "67"]
[EventDate "2022.08.13"]
[EventType "swiss"]
[EventRounds "9"]
[EventCountry "GBR"]
[SourceTitle "BritBase"]
[Source "John Saunders"]
[SourceDate "2021.06.05"]
[SourceVersion "1"]
[SourceVersionDate "2021.06.05"]
[SourceQuality "1"]

1. e4 c6 2. d4 d5 3. Nd2 dxe4 4. Nxe4 Bf5 5. Ng3 Bg6 6. h4 h6 7. Nf3 Nd7 8. h5
Bh7 9. Bd3 Bxd3 10. Qxd3 e6 11. Bd2 Ngf6 12. O-O-O Be7 13. Kb1 O-O 14. Ne4 c5
15. Bc1 cxd4 16. Qxd4 Qc7 17. g4 Rfd8 18. g5 Nc5 19. Nxf6+ Bxf6 20. Qg4 Bxg5
21. Nxg5 hxg5 22. Bxg5 Rxd1+ 23. Rxd1 Qe5 24. Be3 f5 25. Qg6 Na4 26. Bc1 Rc8
27. Rd3 Qe2 28. Rd2 Qc4 29. h6 Nc3+ 30. bxc3 Qb5+ 31. Ka1 Qe5 32. Rd3 b5 33.
hxg7 Qe1 34. Qh6 1-0

[Event "GBR-ch108 Major Open"]
[Site "Torquay"]
[Date "2022.08.14"]
[Round "2"]
[White "Liu, Tianyi (Jack)"]
[Black "Ruane, Brendan J"]
[Result "1/2-1/2"]
[WhiteElo "1529"]
[BlackElo "1697"]
[PlyCount "140"]
[EventDate "2022.08.13"]
[EventType "swiss"]
[EventRounds "9"]
[EventCountry "GBR"]
[SourceTitle "BritBase"]
[Source "John Saunders"]
[SourceDate "2021.06.05"]
[SourceVersion "1"]
[SourceVersionDate "2021.06.05"]
[SourceQuality "1"]

1. e4 d6 2. d4 Nf6 3. Nc3 e5 4. Nf3 Nbd7 5. Bc4 Be7 6. h3 O-O 7. Be3 c6 8. Bb3
Qa5 9. O-O exd4 10. Nxd4 Nc5 11. Qf3 Be6 12. Nxe6 Nxe6 13. g4 g6 14. Qg2 Nc5
15. Rad1 Nxb3 16. axb3 Rfe8 17. Rfe1 Bf8 18. Qf3 Nd7 19. Qe2 b5 20. Bf4 Ne5 21.
Bxe5 Rxe5 22. Qd3 g5 23. Ne2 Rae8 24. Nd4 Qb6 25. Nf3 R5e6 26. Nxg5 Rg6 27. Nf3
Bg7 28. c3 Bh6 29. Nh4 Rge6 30. Nf5 Bf4 31. Qf3 Be5 32. Kg2 Qd8 33. Qe3 Qb8 34.
b4 Bf6 35. Qd3 d5 36. f3 Qf4 37. Qe3 Qxe3 38. Rxe3 dxe4 39. Rxe4 Rxe4 40. fxe4
Rxe4 41. Kf3 Re6 42. Ra1 h5 43. Rxa7 hxg4+ 44. hxg4 Bg5 45. Ra8+ Kh7 46. Rf8
Kg6 47. Rc8 Bc1 48. b3 Bd2 49. Rxc6 Rxc6 50. Ne7+ Kg5 51. Nxc6 Bxc3 52. Na7
Bxb4 53. Nxb5 f5 54. gxf5 Kxf5 55. Ke3 Ke5 56. Kd3 Kd5 57. Nc7+ Kc6 58. Ne6 Kd5
59. Nf4+ Kc5 60. Ke4 Kb5 61. Kd5 Bf8 62. Nd3 Be7 63. Kd4 Bf6+ 64. Ke3 Bg5+ 65.
Ke2 Bh6 66. Kd1 Bg7 67. Kc2 Bd4 68. Nf4 Be5 69. Ne6 Kb4 70. Nd8 Bf6 1/2-1/2

[Event "GBR-ch108 Major Open"]
[Site "Torquay"]
[Date "2022.08.14"]
[Round "2"]
[White "Burton, Nick"]
[Black "Ashworth, Robert"]
[Result "1/2-1/2"]
[WhiteElo "1740"]
[BlackElo "1581"]
[PlyCount "32"]
[EventDate "2022.08.13"]
[EventType "swiss"]
[EventRounds "9"]
[EventCountry "GBR"]
[SourceTitle "BritBase"]
[Source "John Saunders"]
[SourceDate "2021.06.05"]
[SourceVersion "1"]
[SourceVersionDate "2021.06.05"]
[SourceQuality "1"]

1. Nf3 d5 2. g3 Nf6 3. Bg2 c6 4. O-O Nbd7 5. d3 e5 6. Nbd2 Bd6 7. e4 O-O 8. Re1
Re8 9. c3 Qc7 10. a4 Nf8 11. h3 Ng6 12. a5 h6 13. b4 d4 14. cxd4 Bxb4 15. Qa4
Bc3 16. Ra3 Bxd4 1/2-1/2

[Event "GBR-ch108 Major Open"]
[Site "Torquay"]
[Date "2022.08.14"]
[Round "2"]
[White "Tye, Jack"]
[Black "Headlong, Georgia"]
[Result "0-1"]
[WhiteElo "1428"]
[BlackElo "1417"]
[PlyCount "60"]
[EventDate "2022.08.13"]
[EventType "swiss"]
[EventRounds "9"]
[EventCountry "GBR"]
[SourceTitle "BritBase"]
[Source "John Saunders"]
[SourceDate "2021.06.05"]
[SourceVersion "1"]
[SourceVersionDate "2021.06.05"]
[SourceQuality "1"]

1. e4 e5 2. Nf3 Nf6 3. Nxe5 d6 4. Nf3 Nxe4 5. d4 d5 6. Bd3 Nc6 7. O-O Be7 8.
Re1 Bg4 9. c3 f5 10. Qb3 O-O 11. Qxb7 Rf6 12. Qb3 Bxf3 13. gxf3 Rg6+ 14. Kf1
Nxf2 15. Bxf5 Rf6 16. Be6+ Rxe6 17. Rxe6 Qd7 18. Rxe7 Qh3+ 19. Kxf2 Qxh2+ 20.
Ke1 Qg3+ 21. Kd1 Nxe7 22. Qb5 h5 23. Qe2 Re8 24. Nd2 Qg6 25. Nf1 h4 26. Be3 Nf5
27. Kd2 h3 28. Re1 Qg2 29. Qf2 Nxe3 30. Qxg2 Nc4+ 0-1

[Event "GBR-ch108 Major Open"]
[Site "Torquay"]
[Date "2022.08.14"]
[Round "2"]
[White "Sainbayar, Anuurai"]
[Black "Davis, Cameron"]
[Result "0-1"]
[WhiteElo "1525"]
[BlackElo "1487"]
[PlyCount "108"]
[EventDate "2022.08.13"]
[EventType "swiss"]
[EventRounds "9"]
[EventCountry "GBR"]
[SourceTitle "BritBase"]
[Source "John Saunders"]
[SourceDate "2021.06.05"]
[SourceVersion "1"]
[SourceVersionDate "2021.06.05"]
[SourceQuality "1"]

1. b4 c6 2. c4 d5 3. Qc2 e5 4. Bb2 Bd6 5. g3 Be6 6. f4 f6 7. fxe5 fxe5 8. Nf3
Nd7 9. c5 Bc7 10. Bg2 Nh6 11. Nc3 Qe7 12. e3 O-O 13. Ne2 a5 14. a3 Bg4 15. O-O
e4 16. Nfd4 Ne5 17. Nf4 Nhf7 18. h3 Bd7 19. d3 Nxd3 20. Nxd3 exd3 21. Qxd3 Ne5
22. Qc3 Nc4 23. e4 Nxb2 24. Qxb2 dxe4 25. Qb3+ Kh8 26. Qe3 Rxf1+ 27. Rxf1 Re8
28. Ne2 axb4 29. axb4 Qe5 30. Rf4 Qa1+ 31. Rf1 Qe5 32. Rf4 Qd5 33. Rxe4 Rxe4
34. Bxe4 Qe5 35. Qf3 Qe7 36. Kg2 g6 37. Nf4 Kg7 38. h4 Qf6 39. Qe2 Bxf4 40.
gxf4 Qxf4 41. Qe1 Qe5 42. Kf3 Bf5 43. Qe3 Qxe4+ 44. Qxe4 Bxe4+ 45. Kxe4 Kf6 46.
Kf4 h6 47. Ke4 g5 48. h5 Ke6 49. Kf3 Kf5 50. Kg3 g4 51. Kh4 Kf4 52. b5 g3 53.
bxc6 bxc6 54. Kh3 Kf3 0-1

[Event "GBR-ch108 Major Open"]
[Site "Torquay"]
[Date "2022.08.14"]
[Round "2"]
[White "Davis, Timothy"]
[Black "McKay, Ruairidh"]
[Result "1-0"]
[WhiteElo "1660"]
[BlackElo "1394"]
[PlyCount "129"]
[EventDate "2022.08.13"]
[EventType "swiss"]
[EventRounds "9"]
[EventCountry "GBR"]
[SourceTitle "BritBase"]
[Source "John Saunders"]
[SourceDate "2021.06.05"]
[SourceVersion "1"]
[SourceVersionDate "2021.06.05"]
[SourceQuality "1"]

1. e4 e5 2. Nf3 Nc6 3. Bb5 a6 4. Ba4 Nf6 5. O-O Be7 6. Re1 b5 7. Bb3 O-O 8. h3
d6 9. c3 Bb7 10. d4 Nb8 11. Nbd2 Nbd7 12. Bc2 c5 13. Nf1 c4 14. Ng3 Re8 15. Bg5
g6 16. Qd2 Bf8 17. b3 Qc7 18. b4 a5 19. a3 axb4 20. axb4 Bg7 21. d5 Rxa1 22.
Rxa1 Ra8 23. Qe1 Qc8 24. Nd2 Rxa1 25. Qxa1 Qa8 26. Qxa8+ Bxa8 27. Bd1 h5 28.
Nb1 Bb7 29. Na3 Ba6 30. f3 Kh7 31. Nf1 Bh6 32. h4 Kg7 33. Bxh6+ Kxh6 34. Ne3
Ne8 35. Be2 Nb6 36. Bxc4 bxc4 37. b5 Bb7 38. Nexc4 Nxc4 39. Nxc4 f5 40. b6 fxe4
41. fxe4 Kg7 42. Na5 Ba6 43. b7 Bxb7 44. Nxb7 Kf7 45. Kf2 Ke7 46. c4 Nf6 47.
Kf3 Nd7 48. Ke3 Nf6 49. c5 dxc5 50. Nxc5 Ng4+ 51. Kf3 Nh2+ 52. Ke2 Ng4 53. Nd3
Kd6 54. Nb2 Nf6 55. Kd3 Nxd5 56. exd5 Kxd5 57. Ke3 e4 58. Nd1 Ke5 59. Nf2 Kf5
60. g3 g5 61. hxg5 Kxg5 62. Kxe4 h4 63. g4 h3 64. Kf3 h2 65. Kg2 1-0

[Event "GBR-ch108 Major Open"]
[Site "Torquay"]
[Date "2022.08.14"]
[Round "2"]
[White "Liu, Jacob"]
[Black "Li, Ethan"]
[Result "0-1"]
[WhiteElo "1269"]
[BlackElo "1553"]
[PlyCount "58"]
[EventDate "2022.08.13"]
[EventType "swiss"]
[EventRounds "9"]
[EventCountry "GBR"]
[SourceTitle "BritBase"]
[Source "John Saunders"]
[SourceDate "2021.06.05"]
[SourceVersion "1"]
[SourceVersionDate "2021.06.05"]
[SourceQuality "1"]

1. d4 Nf6 2. c4 g6 3. Nf3 Bg7 4. g3 O-O 5. Bg2 d6 6. O-O Nc6 7. Nc3 e5 8. d5
Ne7 9. Re1 c6 10. e4 cxd5 11. cxd5 a6 12. Be3 b5 13. Qb3 Ng4 14. Bd2 Rb8 15. h3
Nf6 16. a4 Nd7 17. axb5 axb5 18. Nxb5 Qb6 19. Ra5 Nc5 20. Qc2 Ba6 21. Nc3 Qxa5
22. Na4 Qxa4 23. Qc1 Nd3 24. Qc7 Nxe1 25. Qxe7 Nxf3+ 26. Bxf3 Qa1+ 27. Kh2 Rxb2
28. Be3 Qe1 29. Qxd6 Qxe3 0-1

[Event "GBR-ch108 Major Open"]
[Site "Torquay"]
[Date "2022.08.14"]
[Round "2"]
[White "Sadler, Ben"]
[Black "Oh, Julie"]
[Result "1-0"]
[WhiteElo "1644"]
[BlackElo "1161"]
[PlyCount "51"]
[EventDate "2022.08.13"]
[EventType "swiss"]
[EventRounds "9"]
[EventCountry "GBR"]
[SourceTitle "BritBase"]
[Source "John Saunders"]
[SourceDate "2021.06.05"]
[SourceVersion "1"]
[SourceVersionDate "2021.06.05"]
[SourceQuality "1"]

1. Nf3 c5 2. g3 e6 3. Bg2 Nc6 4. d3 d5 5. O-O Nf6 6. Nbd2 Be7 7. e4 b5 8. Re1
O-O 9. e5 Nd7 10. Nf1 Qc7 11. Bf4 Nb6 12. h4 Bb7 13. h5 h6 14. N1h2 Rfd8 15.
Ng4 Bf8 16. Qd2 Kh7 17. c3 a5 18. d4 cxd4 19. Qc2+ g6 20. Nf6+ Kg7 21. Qc1 Nd7
22. Bxh6+ Kh8 23. Bxf8 Nxf6 24. exf6 Kg8 25. Qh6 Rxf8 26. Qg7# 1-0

[Event "GBR-ch108 Major Open"]
[Site "Torquay"]
[Date "2022.08.15"]
[Round "3"]
[White "James, Russell A"]
[Black "Duke, Dillan"]
[Result "1-0"]
[WhiteElo "2033"]
[BlackElo "1237"]
[PlyCount "107"]
[EventDate "2022.08.13"]
[EventType "swiss"]
[EventRounds "9"]
[EventCountry "GBR"]
[SourceTitle "BritBase"]
[Source "John Saunders"]
[SourceDate "2021.06.05"]
[SourceVersion "1"]
[SourceVersionDate "2021.06.05"]
[SourceQuality "1"]

1. e4 e6 2. d4 d5 3. e5 c5 4. c3 Nc6 5. Nf3 Qb6 6. Bd3 cxd4 7. O-O Bd7 8. Nbd2
dxc3 9. bxc3 Qc7 10. Re1 Na5 11. Qe2 Qxc3 12. Rb1 Qc7 13. Nd4 a6 14. N2f3 Ne7
15. Bf4 Nec6 16. g3 Ba3 17. Nf5 Kf8 18. Nd6 h6 19. h4 Nb4 20. Bc1 Bxc1 21.
Rexc1 Nbc6 22. Qe3 Kg8 23. Qf4 Rf8 24. Nd4 Bc8 25. Qe3 Qd7 26. f4 f5 27. Nxc6
Nxc6 28. Qb6 h5 29. Nxb7 Qxb7 30. Qxb7 Bxb7 31. Rxb7 Nd8 32. Rd7 Kh7 33. Rcc7
Rhg8 34. Bxa6 Kg6 35. Bb5 Rf7 36. Rxf7 Nxf7 37. Re7 Nh6 38. Be8+ Kh7 39. Rxe6
g6 40. Re7+ Kh8 41. Kf1 Rg7 42. Rxg7 Kxg7 43. Ke2 Ng8 44. Kd3 Ne7 45. Bd7 Kf8
46. Kd4 Ng8 47. Be6 Ne7 48. Bxd5 Ke8 49. Kc5 Kd7 50. a4 Kc7 51. a5 Nc8 52. a6
Kb8 53. Be6 Ne7 54. Kd6 1-0